Statistiques concernant Quelle bières ?

Cliquez ici pour prendre le quiz!

Statistiques générales

  • Ce quiz a été pris 208 fois
  • Le résultat moyen est 5 sur 15

Statistiques - réponses

Nom% Correct
9Heineken
92%
111664
69%
4Desperados
66%
1586
55%
5Kronenbourg
45%
8Corona
37%
12Grimbergen
34%
13La Goudale
33%
6Pelforth
20%
7Guiness
13%
14Skoll
10%
2Karlsberg
7%
3Pils
5%
1Bittburger
1%
10Perlembourg
1%

Distribution des résultats

Percentile par nombre de réponses

% des personnes avec chaque résultat

Votre développement - résultats

Vous n’avez pas pris ce quiz